[Event "AUTO-INT-3653"]
[Site "http://www.queenalice.com/game.php?id=1647817"]
[Date "2021.3.26"]
[Round "1"]
[White "carlitomontana93270"]
[Black "cumpadretonim"]
[Result "0-1"]
[WhiteElo "1749"]
[BlackElo "1653"]

1. c4 c5 2. e3 Nc6 3. d3 Qa5+ 4. Bd2 Qb6 5. b3 g6 6. Nf3 d6 7. Be2 Bg4 8. O-O
Bxf3 9. Bxf3 Ne5 10. Be2 Nf6 11. Nc3 Rd8 12. f4 Nc6 13. e4 Nd4 14. Be3 Nxe2+ 15.
Qxe2 Bg7 16. f5 gxf5 17. Rxf5 Nd7 18. Bd2 e6 19. Rf2 Qb4 20. Rc1 Qa3 21. Be3
Bxc3 22. Rxc3 Qb4 23. Bd2 Qa3 24. Bg5 f6 25. Bc1 Qa5 26. Qh5+ Ke7 27. Rcc2 Rdg8
28. Bh6 Ne5 29. Rcd2 Rg6 30. Bf4 Ng4 31. Rfe2 Qa3 32. h3 Qc1+ 0-1

[Event "AUTO-INT-3653"]
[Site "http://www.queenalice.com/game.php?id=1647818"]
[Date "2021.3.26"]
[Round "1"]
[White "cumpadretonim"]
[Black "Tenor"]
[Result "1-0"]
[WhiteElo "1702"]
[BlackElo "1589"]

1. Nf3 d5 2. d4 Nc6 3. Nc3 Nf6 4. Bg5 Bf5 5. Bxf6 exf6 6. a3 Be7 7. e3 O-O 8.
Bd3 Bxd3 9. Qxd3 g6 10. O-O f5 11. Rad1 Na5 12. Qb5 c6 13. Qd3 Nc4 14. Ne5 Nxb2
15. Qe2 Nxd1 16. Rxd1 Bxa3 17. Rb1 f6 18. Nd3 b5 19. Na2 Qa5 20. Ndb4 Rac8 21.
Rb3 Bxb4 22. Nxb4 Qa1+ 23. Qf1 Qxf1+ 24. Kxf1 a5 25. Nd3 a4 26. Ra3 Ra8 27. Nb4
Rfc8 28. Ke1 c5 29. Nxd5 Rc6 30. Ne7+ Kf7 31. Nxc6 b4 32. Ra2 b3 33. cxb3 a3 34.
dxc5 Ke6 35. Nd4+ Kd7 36. Nb5 Kc6 37. Nxa3 Kxc5 38. b4+ Kd6 39. Nb5+ Kc6 40.
Rxa8 Kxb5 41. Rf8 Kxb4 42. Rxf6 Kc5 43. Rf7 1-0

[Event "AUTO-INT-3653"]
[Site "http://www.queenalice.com/game.php?id=1647819"]
[Date "2021.3.26"]
[Round "1"]
[White "Tenor"]
[Black "cumpadretonim"]
[Result "1-0"]
[WhiteElo "1578"]
[BlackElo "1657"]

1. d4 d5 2. c4 dxc4 3. e3 b5 4. a4 c6 5. axb5 cxb5 6. Qf3 Nc6 7. Qxc6+ Bd7 8.
Qb7 Qc8 9. Qxc8+ Bxc8 10. Nf3 Bg4 11. Be2 Bxf3 12. Bxf3 Rc8 13. Rxa7 b4 14. Bd2
e6 15. Bb7 Rc7 16. Ra8+ Kd7 17. Rxf8 Rxb7 18. Rxf7+ Kc8 19. Rxb7 Kxb7 20. Bxb4
Nf6 21. O-O Kb6 22. Na3 Ra8 23. Nc2 Kb5 24. Bc3 Ne4 25. Ra1 Rxa1+ 26. Nxa1 Nxc3
27. Kf1 Na4 28. b3 cxb3 29. Nxb3 Nc3 30. Nc5 e5 31. Ne6 exd4 32. exd4 g6 33. f4
Kc6 34. g4 Nd5 35. h4 Kd6 36. Nf8 h6 37. Nxg6 Nf6 38. g5 hxg5 39. fxg5 Nh5 40.
Ne5 Kd5 41. Nf3 Nf4 42. Kf2 Ke4 43. Kg3 Ne2+ 44. Kg4 Nf4 45. h5 Nxh5 46. Kxh5
Kxf3 47. d5 Kf4 48. d6 Ke5 49. d7 1-0

[Event "AUTO-ADV-4479"]
[Site "http://www.queenalice.com/game.php?id=1647933"]
[Date "2021.3.27"]
[Round "1"]
[White "chessman"]
[Black "cumpadretonim"]
[Result "1-0"]
[WhiteElo "1822"]
[BlackElo "1713"]

1. e4 d5 2. exd5 Qxd5 3. Nc3 Qe5+ 4. Be2 Bg4 5. Nf3 Bxf3 6. gxf3 Nc6 7. d3 Nd4
8. Kf1 Nxe2 9. Qxe2 Qxe2+ 10. Kxe2 e6 11. Be3 Bb4 12. Ne4 f5 13. Ng5 Ke7 14. c3
Bd6 15. Nh3 Nf6 16. Nf4 Bxf4 17. Bxf4 c6 18. Be5 Rhg8 19. Rhg1 g6 20. d4 Nd5 21.
a3 h6 22. Kd3 g5 23. Rg2 g4 24. fxg4 fxg4 25. Rag1 h5 26. c4 Nf6 27. Bxf6+ Kxf6
28. Ke4 b5 29. cxb5 cxb5 30. f3 Rg5 31. fxg4 hxg4 32. Rxg4 Rag8 33. Rxg5 Rxg5
34. Rxg5 Kxg5 35. Ke5 Kg6 36. Kxe6 Kg7 37. Ke7 a5 38. d5 1-0

[Event "AUTO-ADV-4479"]
[Site "http://www.queenalice.com/game.php?id=1647934"]
[Date "2021.3.27"]
[Round "1"]
[White "cumpadretonim"]
[Black "chessman"]
[Result "0-1"]
[WhiteElo "1665"]
[BlackElo "1775"]

1. Nf3 e6 2. d4 d5 3. a3 c5 4. dxc5 Bxc5 5. e3 Nf6 6. Bd3 O-O 7. b4 Bd6 8. Nc3
a6 9. O-O Nc6 10. Bb2 Bd7 11. e4 dxe4 12. Bxe4 Qc7 13. Bxc6 Bxc6 14. Nd4 Rad8
15. Qe2 Bxh2+ 16. Kh1 Be5 17. Nxc6 Bxc3 18. Bxc3 Qxc6 19. Bxf6 gxf6 20. c4 Rd4
21. c5 Qc7 22. Rad1 Rh4+ 23. Kg1 Qh2# 0-1

[Event "AUTO-ADV-4479"]
[Site "http://www.queenalice.com/game.php?id=1647953"]
[Date "2021.3.27"]
[Round "1"]
[White "cumpadretonim"]
[Black "carlitomontana93270"]
[Result "1-0"]
[WhiteElo "1684"]
[BlackElo "1745"]

1. Nf3 c5 2. c4 e6 3. e4 d6 4. d4 cxd4 5. Qxd4 Nc6 6. Qc3 Nf6 7. Bg5 Be7 8. Bxf6
Bxf6 9. Qb3 O-O 10. Nc3 e5 11. Nd5 Be6 12. Qxb7 Qa5+ 13. Nc3 Nd4 14. Nxd4 Rab8
15. Qc6 exd4 16. Qa4 Qb6 17. Nd1 d3 18. Bxd3 Bxb2 19. Rb1 Bc3+ 20. Nxc3 Qd4 21.
Qc2 Rxb1+ 22. Nxb1 Rb8 23. O-O Rb2 24. Qd1 g6 25. a4 h5 26. h3 Qe5 27. Qc1 Rb3
28. Qd2 Rb2 29. Qc1 Rb3 30. Qc2 Rb7 31. Na3 Rb2 32. Qc1 Rb3 33. Rd1 Qc5 34. Nb5
a6 35. Nc3 Qe5 36. Na2 Bd7 37. Bc2 Rb7 38. Rd5 Qe6 39. Qa3 Rb6 40. c5 dxc5 41.
Rxc5 Qf6 42. Nc3 Qg5 43. Rxg5 1-0

[Event "AUTO-ADV-4479"]
[Site "http://www.queenalice.com/game.php?id=1647954"]
[Date "2021.3.27"]
[Round "1"]
[White "carlitomontana93270"]
[Black "cumpadretonim"]
[Result "1-0"]
[WhiteElo "1762"]
[BlackElo "1618"]

1. c4 c5 2. e3 d5 3. cxd5 b6 4. e4 Nd7 5. Nf3 Ngf6 6. Be2 Nxe4 7. Nc3 Nxc3 8.
dxc3 f6 9. Bb5 a6 10. Ba4 b5 11. Bc2 Bb7 12. O-O Bxd5 13. Qxd5 Rc8 14. Bf5 g6
15. Bxd7+ Qxd7 16. Qxd7+ Kxd7 17. Be3 e5 18. Rad1+ Kc6 19. h3 Be7 20. Rd2 Rcd8
21. Rfd1 Rxd2 22. Rxd2 Rd8 23. Rxd8 Bxd8 24. a3 a5 25. b4 axb4 26. axb4 cxb4 27.
cxb4 Be7 28. Bd2 Kd5 29. Kf1 Kc4 30. Ke2 Bxb4 31. Bxb4 Kxb4 32. Kd2 Kb3 33. Kc1
Ka2 34. Nd2 b4 35. Nc4 b3 36. Nb2 h6 37. Nd3 e4 38. Nb2 f5 39. Na4 f4 40. Nc3+
Ka1 41. Kd2 e3+ 42. fxe3 fxe3+ 43. Kxe3 Kb2 44. Kd3 g5 45. g4 Kc1 46. Na4 b2 47.
Nxb2 Kxb2 48. Ke4 Kc2 49. Kf5 Kd3 50. Kg6 Ke3 51. Kxh6 Kf3 52. Kxg5 Kg3 53. h4
Kf3 54. h5 Ke4 55. h6 Ke5 56. h7 1-0

[Event "AUTO-INT-3654"]
[Site "http://www.queenalice.com/game.php?id=1648047"]
[Date "2021.3.28"]
[Round "1"]
[White "cumpadretonim"]
[Black "tche_elvio"]
[Result "0-1"]
[WhiteElo "1608"]
[BlackElo "1408"]

1. Nf3 c5 2. c4 Nc6 3. d4 g6 4. dxc5 Bg7 5. e3 e6 6. Qb3 Nge7 7. Nc3 O-O 8. Nb5
a6 9. Nd6 Ne5 10. Nxe5 Bxe5 11. f4 Bg7 12. g4 f5 13. gxf5 exf5 14. Nxb7 Bxb7 15.
Rg1 Qa5+ 16. Bd2 Qxc5 17. Qxb7 Qc6 18. Qxc6 Nxc6 19. b4 Bxa1 20. h4 d6 21. Bd3
Bb2 22. h5 Kg7 23. hxg6 hxg6 24. e4 fxe4 25. Bxe4 Rae8 26. Rxg6+ Kh8 27. Rh6+
Kg7 28. Rg6+ Kh8 29. Rxd6 Rxe4+ 30. Kd1 Rxc4 31. Rh6+ Kg7 32. f5 Rxf5 33. Rh2
Nxb4 34. Bxb4 Rd5+ 35. Rd2 Rxd2+ 36. Kxd2 Rxb4 37. Kc2 Ba3 38. Kc3 a5 39. Kc2
Kf6 0-1

[Event "AUTO-INT-3654"]
[Site "http://www.queenalice.com/game.php?id=1648048"]
[Date "2021.3.28"]
[Round "1"]
[White "tche_elvio"]
[Black "cumpadretonim"]
[Result "1-0"]
[WhiteElo "1456"]
[BlackElo "1581"]

1. d4 d5 2. c4 dxc4 3. Nc3 c6 4. g3 e6 5. Bg2 Bb4 6. Nf3 Bxc3+ 7. bxc3 Na6 8.
O-O Nf6 9. Bg5 h6 10. Bxf6 Qxf6 11. e4 O-O 12. Ne5 Rd8 13. Qf3 Qxf3 14. Nxf3 Nc7
15. h4 Nb5 16. Rfc1 Na3 17. e5 b5 18. Nd2 Bb7 19. Nb1 Nxb1 20. Raxb1 Rab8 21. f4
a6 22. Kf2 c5 23. Bxb7 Rxb7 24. a4 cxd4 25. axb5 axb5 26. cxd4 Rxd4 27. Ke3 Rd3+
28. Kf2 c3 29. Rb3 Rd2+ 30. Ke3 Rg2 31. Kf3 Rd2 32. Rcxc3 b4 33. Re3 Rd4 34. Re4
Rxe4 35. Kxe4 Kf8 36. Kd4 Ke7 37. Kc5 f6 38. Rxb4 Rxb4 39. Kxb4 fxe5 40. fxe5
Kf7 41. g4 Kg6 42. Kc5 h5 43. g5 Kf5 44. Kd6 Kg4 45. Kxe6 Kxh4 46. Kf5 Kg3 47.
e6 h4 48. e7 h3 49. e8=Q h2 50. Qe5+ Kg2 51. Qxh2+ Kxh2 52. Kg6 Kh3 53. Kxg7 Kh4
54. g6 Kh5 55. Kf7 Kh6 56. g7 Kh7 57. g8=Q+ Kh6 58. Qg6# 1-0

[Event "AUTO-INT-3654"]
[Site "http://www.queenalice.com/game.php?id=1648049"]
[Date "2021.3.28"]
[Round "1"]
[White "cumpadretonim"]
[Black "caradepau"]
[Result "0-1"]
[WhiteElo "1548"]
[BlackElo "1590"]

1. Nf3 d5 2. d4 h6 3. Nc3 Bf5 4. Bf4 a6 5. h3 e6 6. Ne5 a5 7. e3 Bd6 8. Bd3 Bxd3
9. Qxd3 Nf6 10. O-O O-O 11. Rfe1 Nh5 12. Bh2 Nd7 13. Nxd7 Qxd7 14. Bxd6 Qxd6 15.
e4 dxe4 16. Nxe4 Qc6 17. c3 Nf4 18. Qg3 Ng6 19. h4 Kh7 20. h5 Ne7 21. Nc5 Nf5
22. Qg4 b6 23. Nd3 Qb5 24. Red1 c5 25. dxc5 bxc5 26. c4 Qb6 27. b3 a4 28. bxa4
Rxa4 29. Nb2 Qxb2 30. Rdb1 Qc3 31. Rc1 Qa5 32. Qe2 Nd4 33. Qd3+ Kh8 34. Qd1 Rxa2
35. Rxa2 Qxa2 36. Ra1 Qc2 37. Qxc2 Nxc2 38. Ra5 Rc8 39. Kf1 g6 40. hxg6 fxg6 41.
Ke2 Nd4+ 42. Ke3 e5 43. Ke4 Nb3 44. Ra3 Nd2+ 45. Kxe5 Nxc4+ 46. Kd5 Nxa3 0-1

[Event "AUTO-INT-3654"]
[Site "http://www.queenalice.com/game.php?id=1648050"]
[Date "2021.3.28"]
[Round "1"]
[White "caradepau"]
[Black "cumpadretonim"]
[Result "0-1"]
[WhiteElo "1604"]
[BlackElo "1584"]

1. e4 d5 2. e5 d4 3. h3 Nc6 4. Nf3 Qd5 5. d3 Nxe5 6. Nbd2 Nxf3+ 7. Nxf3 e5 8. a3
Nf6 9. Be2 Qa5+ 10. Bd2 Qb6 11. b4 e4 12. Nh2 exd3 13. Bxd3 Bd6 14. O-O Bxh2+
15. Kxh2 Qd6+ 16. g3 O-O 17. f4 Re8 18. Re1 Rxe1 19. Qxe1 Bd7 20. g4 Re8 21. Qg3
Ne4 22. Bxe4 Rxe4 23. a4 Re2+ 24. Kg1 Rxd2 25. Ra2 d3 26. Qh4 Qd4+ 27. Kh1 Qd5+
28. Kg1 Qg2# 0-1

[Event "AUTO-INT-3654"]
[Site "http://www.queenalice.com/game.php?id=1648051"]
[Date "2021.3.28"]
[Round "1"]
[White "cumpadretonim"]
[Black "rafassj4"]
[Result "0-1"]
[WhiteElo "1638"]
[BlackElo "1527"]

1. Nf3 d5 2. d4 Nf6 3. Bg5 Nc6 4. Bxf6 gxf6 5. e3 e5 6. dxe5 fxe5 7. Bb5 Bd7 8.
Bxc6 Bxc6 9. Nxe5 Bb5 10. Nc3 Bb4 11. Qd2 Qg5 12. Nd3 Qxg2 13. Rf1 O-O-O 14. a3
Bxc3 15. Qxc3 Qxh2 16. a4 Ba6 17. b4 Bxd3 18. Qxd3 Rhe8 19. Ke2 d4 20. e4 f5 21.
Rh1 fxe4 22. Rxh2 exd3+ 23. Kxd3 Rf8 24. Ke2 b6 25. Rxh7 c5 26. bxc5 bxc5 27.
Rxa7 Rde8+ 28. Kf1 c4 29. Ra8+ Kb7 30. Rxe8 Rxe8 31. Rb1+ Kc6 32. a5 Ra8 33.
Rb6+ Kc5 34. Rh6 Kb4 35. a6 Kc3 36. f4 Kxc2 37. f5 d3 38. Ke1 d2+ 39. Kf1 d1=Q+
40. Kg2 Rg8+ 41. Rg6 Rxg6+ 42. fxg6 Qg4+ 0-1

[Event "AUTO-INT-3654"]
[Site "http://www.queenalice.com/game.php?id=1648052"]
[Date "2021.3.28"]
[Round "1"]
[White "rafassj4"]
[Black "cumpadretonim"]
[Result "1-0"]
[WhiteElo "1504"]
[BlackElo "1686"]

1. e4 d5 2. Nc3 d4 3. Nd5 e5 4. Nf3 Bg4 5. Bc4 Bxf3 6. Qxf3 f6 7. d3 Ne7 8. O-O
Nxd5 9. Bxd5 c6 10. Bb3 Na6 11. c3 dxc3 12. bxc3 Nc5 13. Ba3 Nxb3 14. axb3 Bxa3
15. Rxa3 O-O 16. Qe3 a6 17. d4 exd4 18. cxd4 Qd6 19. Ra5 Qb4 20. Rh5 Rad8 21.
Rd1 b6 22. e5 Rfe8 23. f4 g6 24. Rh6 Kg7 25. Qh3 Rh8 26. exf6+ Kxf6 27. Qh4+ Kg7
28. f5 Qxb3 29. Rf1 Qe3+ 30. Kh1 Rxd4 31. f6+ Kf7 32. Rxh7+ Rxh7 33. Qxh7+ Kf8
34. Qg7+ Ke8 35. f7+ Kd8 36. f8=Q+ Qe8 37. Qxe8+ Kxe8 38. Rf8# 1-0

[Event "Challenge"]
[Site "http://www.queenalice.com/game.php?id=1649011"]
[Date "2021.4.7"]
[Round "-"]
[White "Nigel68"]
[Black "cumpadretonim"]
[Result "1-0"]
[WhiteElo "1764"]
[BlackElo "1601"]

1. d4 d5 2. g3 Nc6 3. Nf3 Bg4 4. Ne5 Nxe5 5. dxe5 e6 6. Qd4 Bf5 7. Qa4+ c6 8.
Nc3 b5 9. Qa6 Qc7 10. a4 Bxc2 11. axb5 Bb4 12. bxc6 Ne7 13. Qb5 Rb8 14. Qa6 d4
15. Qc4 dxc3 16. bxc3 Ba5 17. Bg2 O-O 18. O-O Nd5 19. Bd2 Nb6 20. Qb5 Bxc3 21.
Bxc3 Nd5 22. Qc5 Nxc3 23. Qxc3 Bg6 24. Qc5 Ra8 25. Rfd1 Rfd8 26. h4 Rxd1+ 27.
Rxd1 a6 28. Rd7 Qb8 29. c7 Qb1+ 30. Kh2 Qb5 31. c8=Q+ Rxc8 32. Qxc8# 1-0

[Event "Challenge"]
[Site "http://www.queenalice.com/game.php?id=1649128"]
[Date "2021.4.9"]
[Round "-"]
[White "SCORPION77"]
[Black "cumpadretonim"]
[Result "1-0"]
[WhiteElo "1705"]
[BlackElo "1558"]

1. e4 d5 2. e5 d4 3. Bc4 Nc6 4. Nf3 Bg4 5. h3 Bxf3 6. Qxf3 Nxe5 7. Qb3 Nxc4 8.
Qxc4 b6 9. Qc6+ Qd7 10. Qxa8+ Qd8 11. Qxd8+ Kxd8 12. d3 Nf6 13. Bf4 Nd5 14. Bg3
f6 15. O-O e5 16. Nd2 Bb4 17. Nf3 Ne7 18. a3 Bd6 19. Nd2 Nf5 20. Bh2 Kd7 21. Ne4
c5 22. Nxd6 Kxd6 23. Rae1 Kd5 24. f4 Ne3 25. Rf2 Re8 26. fxe5 fxe5 27. c3 b5 28.
cxd4 cxd4 29. Bg3 g5 30. Rf3 h5 31. Rfxe3 dxe3 32. Rxe3 Kd4 33. Kf2 Rf8+ 34. Ke2
Rf5 35. Re4+ Kd5 36. Re3 h4 37. Bh2 a5 38. g3 hxg3 39. Bxg3 b4 40. axb4 axb4 41.
b3 Kd4 42. Be1 Kc5 43. Re4 Rf4 44. Rxe5+ Kd4 45. Rxg5 Rf8 46. Bxb4 Rh8 47. Rg3
Kd5 48. Bc3 Rh5 49. b4 Kc6 50. Kf2 Rf5+ 51. Rf3 Rh5 52. d4 Rh6 53. Kg3 Kd5 54.
h4 Ke6 55. b5 Kd6 56. Rf5 Kc7 57. d5 Kb6 58. Rf6+ Rxf6 59. Bxf6 Kxb5 60. d6 Kc6
61. Be7 Kd7 62. Kg4 Ke6 63. Kg5 Kf7 64. h5 1-0

[Event "Challenge"]
[Site "http://www.queenalice.com/game.php?id=1649131"]
[Date "2021.4.9"]
[Round "-"]
[White "cumpadretonim"]
[Black "SCORPION77"]
[Result "0-1"]
[WhiteElo "1591"]
[BlackElo "1731"]

1. Nf3 d5 2. d4 Nc6 3. Nc3 Bg4 4. e3 e6 5. h3 Bh5 6. g4 Bg6 7. Bd3 Bxd3 8. Qxd3
Nf6 9. Ne5 Nxe5 10. dxe5 Nd7 11. f4 Bb4 12. a3 Ba5 13. b4 Bb6 14. a4 a6 15. a5
Ba7 16. b5 Bc5 17. bxa6 Rxa6 18. Qb5 Qb8 19. Na4 c6 20. Qe2 Rxa5 21. Bd2 Ra7 22.
O-O Qa8 23. Nxc5 Rxa1 24. Rxa1 Qxa1+ 25. Kf2 Nxc5 26. f5 Ne4+ 27. Kf3 Qxe5 28.
Qg2 Nxd2+ 29. Qxd2 O-O 30. c3 exf5 31. gxf5 Qxf5+ 32. Kg2 Re8 33. Qf2 Qxf2+ 34.
Kxf2 Re4 35. Kf3 Rc4 36. e4 dxe4+ 37. Ke3 Rxc3+ 38. Kxe4 Rxh3 39. Kd4 Rf3 0-1